The private memoirs and confessions of a justified sinner /

Enregistré dans:
Détails bibliographiques
Auteur principal: Hogg, James
Format: Livre
Langue:English
Publié: Lond. : Cresset Press, 1947.
Collection:Cresset library
LEADER 00779nam a22002051 4500
001 c000363999
003 CARM
005 00000000000000.0
008 851113s1947 enk 1 eng d
019 1 |a 4154464  |z 8819650  |5 LACONCORD2021 
035 |a (OCoLC)798474  |5 LACONCORD2021 
100 1 |a Hogg, James. 
245 1 4 |a The private memoirs and confessions of a justified sinner /  |c by J.Hogg; with an intro. by Andre Gide. 
260 |a Lond. :  |b Cresset Press,  |c 1947. 
490 0 |a Cresset library 
500 |a First pub. 1824. 
852 8 |b CARM  |h A1:AL37B0  |i B10312  |p 0466843  |f BK 
082 0 4 |a 823.7 
999 f f |i 9458568f-6c61-5a36-9c97-7db9f8d4aacf  |s 1d4baccf-8bd1-5d2d-b21e-e5436e920c7d 
952 f f |p Can circulate  |a CAVAL  |b CAVAL  |c CAVAL  |d CARM 1 Store  |e B10312  |f A1:AL37B0  |h Other scheme  |i book  |m 0466843